Paroles : D'amour ou d'amitié - Céline Dion - Statistiques

Statistiques générales
  • Ce quiz a été pris 255 fois
  • Le résultat moyen est 278 sur 322
Statistiques - réponses
Paroles % Correct
à
98%
a
98%
98%
d'amour
98%
je
98%
(je
98%
Je
98%
ou
98%
Ou
98%
se
98%
d'amitié
97%
Il
97%
il
97%
ma
97%
sa
97%
sais
97%
sais)
97%
comme
96%
Comment
96%
de
96%
moi,
96%
moi
96%
Moi
96%
ne
96%
pas
96%
est
95%
l'aime
95%
me
95%
pour
95%
Si
95%
si
95%
Et
94%
et
94%
(et
94%
le
94%
lui
94%
Lui
94%
près
93%
vie
93%
l'aimer
92%
pourtant
92%
sens,
92%
en
90%
parle
90%
seul
90%
une
90%
veut
90%
que
89%
(que
89%
qu'il
88%
ses
88%
s'il
88%
Même
87%
des
86%
histoire
86%
offrir
86%
qu'à
86%
quand
86%
(quand
86%
vois,
86%
mais
85%
Mais
85%
peut
85%
son
85%
suis
85%
qu'on
84%
décider
83%
entre
83%
mon
83%
pense
83%
peux
83%
cœur
82%
coeur
82%
dans
81%
bien
80%
les
80%
parler
80%
tous
80%
trop
80%
vient
80%
ce
79%
d'hésiter
79%
filles
79%
filles)
79%
aime
78%
d'autres
78%
fait
78%
grand
78%
l'air
78%
océan
78%
plein
78%
sourire
78%
sourire,
78%
voit
78%
chercher
77%
chercher)
77%
On
77%
bras
76%
choses
76%
dit
76%
dit)
76%
Du
76%
ni
76%
(ni
76%
ment
73%
oui
73%
plus
73%
rêve
73%
île
72%
compte
71%
projets
71%
chemin
70%
crois
70%
part
70%
quelque
70%
autre
69%
dirait
69%
qu'elles
69%
vues
68%
phrases
67%
qu'une
66%
tout
65%
aujourd'hui
62%
sait
62%
veulent
62%
sont
59%
j'ai
55%
Rien
55%
donner
54%
donner)
54%
dire
53%
nuits
51%
temps
51%
passer
50%
long
49%
n'ai
48%
paraît
48%
tristes
47%
appris
43%
vouloir
43%
gagner
31%
gagner)
31%
l'attendre,
31%
Aucun quiz correspondant
Distribution des résultats
% des personnes avec chaque résultat
Percentile par nombre de réponses
Votre historique - résultats
Vous n’avez pas pris ce quiz